000 00434nam a2200181Ia 4500
001 15917
005 20260306170231.0
008 260306t1998||||xx |||||||||||||| ||und||
041 _aESP
082 _a620.8
_bL52
100 _aLetayf Acar, Jorge
_eAUT
245 0 _aSeguridad, higiene y control ambiental
260 _c1998
300 _a388 páginas :
_c23 cm.
650 _aGEN
654 _aCII
942 _cLIB
_dJUS
_fJUS
_2ddc
_n
999 _c15917
_d15917